Nugget coombs : A reforming life

HC Coombs was one of the most influential Australians of the twentieth century. Born in 1906, he is best known as the governor of the central bank, but the breadth of his activities and his commitment to public life until his death is unsurpassed. Tim Rowse traces Coombs' life from his childhoo...

Szczegółowa specyfikacja

Zapisane w:
Opis bibliograficzny
1. autor: Rowse, Tim
Format: Książka
Język:Undetermined
Wydane: Cambridge Cambridge Univesity Press 2002
Hasła przedmiotowe:
Etykiety: Dodaj etykietę
Nie ma etykietki, Dołącz pierwszą etykiete!
Thư viện lưu trữ: Trung tâm Học liệu Trường Đại học Cần Thơ
LEADER 01111nam a2200229Ia 4500
001 CTU_172755
008 210402s9999 xx 000 0 und d
020 |c 104.00 
082 |a 330.092 
082 |b R885 
100 |a Rowse, Tim 
245 0 |a Nugget coombs : 
245 2 |b A reforming life 
245 0 |c Tim Rowse 
260 |a Cambridge 
260 |b Cambridge Univesity Press 
260 |c 2002 
520 |a HC Coombs was one of the most influential Australians of the twentieth century. Born in 1906, he is best known as the governor of the central bank, but the breadth of his activities and his commitment to public life until his death is unsurpassed. Tim Rowse traces Coombs' life from his childhood in Western Australia to his many roles as policy maker, change agent, advocate and adviser. This book covers Coombs' life from birth to death, providing intriguing insights into the life of one of Australia's most influential people. 
650 |a Economists,Nhà kinh tế học 
650 |z Australia,Úc 
904 |i Qhieu 
980 |a Trung tâm Học liệu Trường Đại học Cần Thơ